TESPT and treated silica compounds on TESPD rheological property and silica break down in natural rubber (Record no. 70398)

MARC details
000 -LEADER
fixed length control field 00598nam a2200181Ia 4500
100 ## - MAIN ENTRY--AUTHOR NAME
Personal name Kim K J
245 #0 - TITLE STATEMENT
Title TESPT and treated silica compounds on TESPD rheological property and silica break down in natural rubber
260 ## - PUBLICATION, DISTRIBUTION, ETC. (IMPRINT)
Name of publisher Kautschuk Gummi Kunststoffe
Year of publication 2002
300 ## - PHYSICAL DESCRIPTION
Number of Pages 518-528
650 ## - SUBJECT ADDED ENTRY--TOPICAL TERM
Topical Term Natural rubber
650 ## - SUBJECT ADDED ENTRY--TOPICAL TERM
Topical Term Rheology
650 ## - SUBJECT ADDED ENTRY--TOPICAL TERM
Topical Term Silica agglomerate break down
650 ## - SUBJECT ADDED ENTRY--TOPICAL TERM
Topical Term TESPD (bis(triethoxysilylpropyl)disulfide)
650 ## - SUBJECT ADDED ENTRY--TOPICAL TERM
Topical Term TESPT (bis(triethoxysilylpropyl)tetrasulfide)
700 ## - ADDED ENTRY--PERSONAL NAME
Personal name Vanderkool J
942 ## - ADDED ENTRY ELEMENTS (KOHA)
Koha item type Journals
Holdings
Withdrawn status Lost status Damaged status Not for loan Home library Current library Shelving location Date acquired Serial Enumeration / chronology Koha item type
      Journals RRII Library RRII Library Rubber chemistry 17/12/2021 Volume 55, Issue 10 Journals